Agendou OECD nie je odbúranie dotácií do agrokomplexu
Zmeny v oblasti podpory poľnohospodárstva agendou OECD. Spoločné ciele agropotravinárskeho komplexu krajín OECD. Ukazovateľ podpory poľnohospodárstva krajín OECD. Definície - Ekvivalent spotrebiteľských subvencií a Ekvivalent celkových subvencií. Pokračovanie v ďalšom čísle.
Gespeichert in:
| 1. Verfasser: | |
|---|---|
| Format: | Buchkapitel |
| Sprache: | Slowakisch |
| Schlagworte: | |
| Tags: |
Keine Tags, Fügen Sie das erste Tag hinzu!
|
MARC
| LEADER | 00000naa a2200000 4500 | ||
|---|---|---|---|
| 001 | r049158 | ||
| 005 | 20230925124521.2 | ||
| 041 | 0 | |a slo | |
| 044 | |a SK | ||
| 245 | 1 | 0 | |a Agendou OECD nie je odbúranie dotácií do agrokomplexu |c Martin Szentivány |
| 520 | |a Zmeny v oblasti podpory poľnohospodárstva agendou OECD. Spoločné ciele agropotravinárskeho komplexu krajín OECD. Ukazovateľ podpory poľnohospodárstva krajín OECD. Definície - Ekvivalent spotrebiteľských subvencií a Ekvivalent celkových subvencií. Pokračovanie v ďalšom čísle. | ||
| 610 | 2 | 0 | |a poľnohospodárstvo |
| 610 | 2 | 0 | |a agrokomplex |
| 610 | 2 | 0 | |a potravinárstvo |
| 610 | 2 | 0 | |a krajiny rozvojové |
| 610 | 2 | 0 | |a krajiny vyspelé |
| 610 | 2 | 0 | |a OECD |
| 100 | 1 | |a Szentivány, Martin | |